Normal view MARC view

Entry Personal Name

Number of records used in: 1

001 - CONTROL NUMBER

  • control field: 34591

003 - CONTROL NUMBER IDENTIFIER

  • control field: OSt

005 - DATE AND TIME OF LATEST TRANSACTION

  • control field: 20221223170126.0

008 - FIXED-LENGTH DATA ELEMENTS

  • fixed length control field: 221223|| aca||aabn | a|a d

040 ## - CATALOGING SOURCE

  • Original cataloging agency: OSt
  • Transcribing agency: OSt

100 ## - HEADING--PERSONAL NAME

  • Personal name: Basu, Rumki

670 ## - SOURCE DATA FOUND

  • Source citation: Work cat.: (OSt)520620: Basu, Rumki, Revisiting Fred W. Riggs’ model in the context of ‘prismatic’ societies today

Powered by Koha